|
|
|
|
| LEADER |
01062nam a2200289 a 4500 |
| 001 |
4207417 |
| 008 |
111115t20031981nyu 000 0aeng |
| 010 |
|
|
|a 81047503
|
| 020 |
|
|
|a 0330413333
|
| 020 |
|
|
|a 0394509692 :
|c $15.00
|
| 040 |
|
|
|a DLC
|c DLC
|d DLC
|d BD-DhAAL
|
| 043 |
|
|
|a a------
|
| 050 |
0 |
0 |
|a BP63.A1
|b N35 1981
|
| 082 |
0 |
0 |
|a 297/.095
|2 19
|
| 100 |
1 |
|
|a Naipaul, V. S.
|q (Vidiadhar Surajprasad),
|d 1932-
|
| 245 |
1 |
0 |
|a Among the believers :
|b an Islamic journey /
|c V.S. Naipaul.
|
| 250 |
|
|
|a 1st ed.
|
| 260 |
|
|
|a New York :
|b Knopf ;
|a London :
|b Picador,
|c 2003.
|
| 300 |
|
|
|a viii, 430 p. ;
|c 22 cm.
|
| 541 |
|
|
|e 00014219
|
| 650 |
|
0 |
|a Islam
|z Asia.
|
| 651 |
|
0 |
|a Islamic countries
|x Description and travel.
|
| 600 |
1 |
0 |
|a Naipaul, V. S.
|q (Vidiadhar Surajprasad),
|d 1932-
|x Travel
|z Islamic countries.
|
| 852 |
1 |
|
|a Ayesha Abed Library
|c General shelf.
|
| 942 |
0 |
0 |
|0 1
|
| 999 |
|
|
|c 11400
|d 11400
|
| 952 |
|
|
|0 0
|1 0
|2 ddc
|4 0
|6 297_095000000000000_NAI
|7 0
|9 18538
|a BRACUL
|b BRACUL
|c GEN
|d 2011-11-15
|l 14
|m 39
|o 297.095 NAI
|p 3010014219
|r 2025-07-03
|s 2025-06-24
|t 1
|w 2011-11-15
|y BK
|